|
|
|
|
| LEADER |
00000naa0a2200000 4500 |
| 001 |
597357 |
| 005 |
20250205095431.0 |
| 035 |
|
|
|a (RuTPU)RU\TPU\tpu\20595
|
| 090 |
|
|
|a 597357
|
| 100 |
|
|
|a 20120126d2009 k y0rusy50 ca
|
| 101 |
0 |
|
|a rus
|
| 102 |
|
|
|a RU
|
| 200 |
1 |
|
|a Экспериментальное исследование термомеханических факторов работоспособности труб пароперегревателя
|f А. С. Заворин, А. А. Ташлыков, Л. Л. Любимова
|
| 330 |
|
|
|a По результатам рентгенодилатометрических исследований и на основе сравнения их со свойствами испытанных в эксплуатации трубных сталей (12Х1МФ) подтверждена высокая надежность труб из стали Ди-82-Ш в широком диапазоне изменяющихся термических и механических нагрузок, установленная в том числе и результатами иных независимых исследований.
|
| 333 |
|
|
|a В фонде НТБ ТПУ отсутствует
|
| 463 |
|
|
|t Современные металлические материалы и технологии (СММТ - 2009)
|o труды Международной научно-технической конференции, Санкт-Петербург, 24-26 июня, 2009
|v С. 554-556
|d 2009
|
| 610 |
1 |
|
|a труды учёных ТПУ
|
| 700 |
|
1 |
|a Заворин
|b А. С.
|c специалист в области теплотехники
|c профессор Томского политехнического университета, доктор технических наук
|f 1946-
|g Александр Сергеевич
|3 (RuTPU)RU\TPU\pers\25896
|
| 701 |
|
1 |
|a Ташлыков
|b А. А.
|
| 701 |
|
1 |
|a Любимова
|b Л. Л.
|
| 801 |
|
1 |
|a RU
|b 63413507
|c 20120126
|
| 801 |
|
2 |
|a RU
|b 63413507
|c 20140619
|g RCR
|
| 942 |
|
|
|c BK
|